000 00639nam a2200253 a 4500
001 nice12345678
003 IN_TiNIC
005 20260116013152.0
008 050524s1988 newa grp 000 0 eng
020 _a0883440
_c980
082 0 0 _a230.046
_bSHO
100 _aShorter, Aylward
245 _aToward a Theology of Inculturation
260 _aNew York
_bOrbis Books
_c1988
300 _a291p
500 _aincludes index and biblioraphy
505 2 _aBibliography, Index
650 _aTheology-Inculturation
650 _aMissions
700 1 _aShorter, Aylward
902 _bSRS
942 _cBK
999 _c9955
_d9955